| 000 | 00746nam a2200193 a 4500 | ||
|---|---|---|---|
| 003 | 0 | ||
| 005 | 20250224102050.0 | ||
| 008 | 101112s19uu xx 00 eng d | ||
| 050 |
_aPHS HC 462.9 _b.M36 2010 |
||
| 100 | _aMaruyama, Mark Takehiko. | ||
| 245 |
_aPost world war II economic recovery of Japan 1945-1955 / _cMark Takehiko Maruyama. |
||
| 260 |
_aLas Piñas City, Philippines : _bSouthville International School and Colleges, _c2010. |
||
| 300 |
_a28 pages : _billustrations ; _c30 cm. |
||
| 504 | _aIncludes bibliographical references. | ||
| 650 |
_aJapan _xEconomic conditions _y1945–1960. |
||
| 650 |
_aEconomic development _xHistory _y20th century. |
||
| 650 |
_aWorld War, 1939–1945 _xEconomic aspects _zJapan. |
||
| 942 |
_2lcc _cPASS |
||
| 999 |
_c98490 _d98490 |
||